• 首页
  • 本馆介绍
  • 公告通知
  • 最新文献
  • 馆藏检索
  • 电子资源
  • 读者导购
  • 参考咨询
  • 我的图书馆
  • 登录
  • 详细信息显示
  • 放入我的书架
  • 预约/预借图书
  • 作者相关作品
  • 分类相关作品
  • 丛书相关作品
  • 出版社相关作品

书目信息

  • 表格格式
  • 工作单格式
  • 卡片格式
题名:
邵氏养生功
    
 
作者: 邵英伦 著
分册: 第一部  
出版信息: 北京   金盾出版社  2015.02
页数: 105页
开本: 23cm
丛书名:
单 册:
中图分类: G852 , R212
科图分类:
主题词: 武术--养生(中医)--中国
电子资源:
ISBN: 978-7-5186-0071-7
000 00842nam0 2200253 450
001 007821890
005 20170424082528.98
010    @a978-7-5186-0071-7@dCNY99.00
100    @a20150601d2015 em y0chiy50 ea
101 0  @achi
102    @aCN@b110000
105    @aa z 000yy
106    @ar
200 1  @a邵氏养生功@9shao shi yang sheng gong@h第一部@e精品收藏版@f邵英伦著
210    @a北京@c金盾出版社@d2015.02
215    @a105页@c图,照片@d23cm
330    @a本书重点叙述了太极、两仪、三才、四象、五行、六合、七星、八卦、九宫、易筋、易骨、易髓及坐睡共十三套养生功法。
333    @a本书适合广大练功爱好者阅读,尤其适合广大中老年人修炼养生者参考
606 0  @a武术@x养生(中医)@y中国
690    @aG852@v5
690    @aR212@v5
701  0 @a邵英伦@9shao ying lun@4著
801  0 @aCN@bNLC@c20150730
905    @b988548-50@dG852@e340:1@f3
    
    邵氏养生功.第一部:精品收藏版/邵英伦著.-北京:金盾出版社,2015.02
    105页:图,照片;23cm
    使用对象:本书适合广大练功爱好者阅读,尤其适合广大中老年人修炼养生者参考
    
    ISBN 978-7-5186-0071-7:CNY99.00
    本书重点叙述了太极、两仪、三才、四象、五行、六合、七星、八卦、九宫、易筋、易骨、易髓及坐睡共十三套养生功法。
●
相关链接 在E读中查询图书 在五车中查询图书 在当当中查询图书 在豆瓣中查询图书


正题名:邵氏养生功     索取号:G852/340:1         预约/预借

序号 登录号 条形码 馆藏地/架位号 状态 备注
1 988548   209885481   第一样本阅览室/ [索取号:G852/340:1] 在馆    
2 988549   209885490   密集书库-体育系/ [索取号:G852/340:1] 在馆    
3 988550   209885506   第四借阅区/ [索取号:G852/340:1] 在馆    
唐山师范学院图书馆 欢迎您!
大连网信软件有限公司© 版权所有